Comunicación y cultura: una perspectiva interdisciplinaria /

সংরক্ষণ করুন:
গ্রন্থ-পঞ্জীর বিবরন
প্রধান লেখক: Vega J, Patricia
অন্যান্য লেখক: Carazo B, Carolina
বিন্যাস: অজ্ঞাত
প্রকাশিত: DEI :
বিষয়গুলি:
ট্যাগগুলো: ট্যাগ যুক্ত করুন
কোনো ট্যাগ নেই, প্রথমজন হিসাবে ট্যাগ করুন!

MARC

LEADER 00000 a2200000 04500
001 32108
003
008 991231s d
040
020 |a 9977-83-107-6  
022 |a 9977-83-107-6  
090 |a 200104  
100 |a Vega J, Patricia  
245 |a Comunicación y cultura: una perspectiva interdisciplinaria /  |c Patricia Vega J.  
260 |a DEI :  
300 |a 162 p.  
500 |a Publicado en Serie Aportes para el Análisis del Desarrollo Humano Sostenible, n° 5, Proyecto Estado de la Nación, 1998  
650 |a ESTADO  
650 |a REFORMA ADMINISTRATIVA  
650 |a REFORMA ECONOMICA  
650 |a PLANES NACIONALES  
650 |a PROGRAMAS DE AJUSTE  
650 |a PRIVATIZACION  
650 |a NOTICIAS DE PRENSA  
650 |a DISCURSOS  
700 |a   
700 |a Carazo B, Carolina  
700 |a   
999 |c 14460  |d 14460